000 00227 a2200109 4500
020 _a9780829767438
041 _aspa
100 _aVida Editorial
245 _aLa Biblia Para Principiantes Bilingue
942 _cBK
952 _74
999 _c22060
_d22060